<?xml version="1.0" encoding="UTF-8"?>
<collection xmlns="http://www.loc.gov/MARC21/slim">
    <record>
        <controlfield tag="001">95114</controlfield>
        <controlfield tag="005">20200908093239.0</controlfield>
        <datafield tag="037" ind1=" " ind2=" ">
            <subfield code="a">TAZ-TFM-2020-701</subfield>
        </datafield>
        <datafield tag="041" ind1=" " ind2=" ">
            <subfield code="a">spa</subfield>
        </datafield>
        <datafield tag="100" ind1="1" ind2=" ">
            <subfield code="a">Gasca Iso, Raúl</subfield>
        </datafield>
        <datafield tag="242" ind1="0" ind2="0">
            <subfield code="a">Physical exercise in confinement: practice patterns and motivation in adolescents.</subfield>
        </datafield>
        <datafield tag="245" ind1="0" ind2="0">
            <subfield code="a">Ejercicio físico en el confinamiento: patrones de práctica y motivación en adolescentes</subfield>
        </datafield>
        <datafield tag="260" ind1=" " ind2=" ">
            <subfield code="a">Zaragoza</subfield>
            <subfield code="b">Universidad de Zaragoza</subfield>
            <subfield code="c">2020</subfield>
        </datafield>
        <datafield tag="506" ind1=" " ind2=" ">
            <subfield code="a">by-nc-sa</subfield>
            <subfield code="b">Creative Commons</subfield>
            <subfield code="c">3.0</subfield>
            <subfield code="u">http://creativecommons.org/licenses/by-nc-sa/3.0/</subfield>
        </datafield>
        <datafield tag="520" ind1=" " ind2=" ">
            <subfield code="a">El siguiente estudio pretende describir la motivación hacia el ejercicio físico en adolescentes de un centro escolar durante la situación de confinamiento vivida por el COVID-19. A su vez, se buscó conocer los niveles y patrones de ejercicio físico, así como determinar la relación entre la motivación, variables de práctica de actividad física y otras variables personales como la satisfacción con la vida.Para poder llevar a cabo la investigación, 206 estudiantes de la ESO participaron en el estudio. Los resultados revelan cómo algunas variables están asociadas con una mayor o menor motivación autodeterminada hacia la práctica de ejercicio físico. En conclusión, parece evidente que los niveles de motivación más autodeterminados se vinculan a mayores niveles de práctica de ejercicio. Por ello, es necesario seguir investigando en relación a la temática y utilizar todas las herramientas posibles con el fin de mejorar dicha motivación, promoviendo la práctica de actividad física en el tiempo libre.&lt;br />&lt;br /></subfield>
        </datafield>
        <datafield tag="521" ind1=" " ind2=" ">
            <subfield code="a">Máster Universitario de Profesorado, especialidad Educación Física</subfield>
        </datafield>
        <datafield tag="540" ind1=" " ind2=" ">
            <subfield code="a">Derechos regulados por licencia Creative Commons</subfield>
        </datafield>
        <datafield tag="700" ind1=" " ind2=" ">
            <subfield code="a">Aibar Solana, Alberto</subfield>
            <subfield code="e">dir.</subfield>
        </datafield>
        <datafield tag="710" ind1="2" ind2=" ">
            <subfield code="a">Universidad de Zaragoza</subfield>
            <subfield code="b"> </subfield>
            <subfield code="c"></subfield>
        </datafield>
        <datafield tag="856" ind1="0" ind2=" ">
            <subfield code="f">699710@unizar.es</subfield>
        </datafield>
        <datafield tag="856" ind1="4" ind2=" ">
            <subfield code="s">1607486</subfield>
            <subfield code="u">http://zaguan.unizar.es/record/95114/files/TAZ-TFM-2020-701.pdf</subfield>
            <subfield code="y">Memoria (spa)</subfield>
        </datafield>
        <datafield tag="909" ind1="C" ind2="O">
            <subfield code="o">oai:zaguan.unizar.es:95114</subfield>
            <subfield code="p">driver</subfield>
            <subfield code="p">trabajos-fin-master</subfield>
        </datafield>
        <datafield tag="950" ind1=" " ind2=" ">
            <subfield code="a"></subfield>
        </datafield>
        <datafield tag="951" ind1=" " ind2=" ">
            <subfield code="a">deposita:2020-09-08</subfield>
        </datafield>
        <datafield tag="980" ind1=" " ind2=" ">
            <subfield code="a">TAZ</subfield>
            <subfield code="b">TFM</subfield>
            <subfield code="c">FCHE</subfield>
        </datafield>
        <datafield tag="999" ind1=" " ind2=" ">
            <subfield code="a">20200703124601.CREATION_DATE</subfield>
        </datafield>
    </record>

    
</collection>